Random Sports Trivia - Statistics

General Stats
  • This quiz has been taken 338 times
  • The average score is 7 of 15
Answer Stats
Question Answer % Correct
What is the most popular sport in the world? Soccer
83%
What is the most popular sport in India? Cricket
78%
What NFL team is the only team to go undefeated and win the Superbowl? Dolphins
76%
Who holds the record for most career goals in hockey? Wayne Gretzky
69%
What city is the football hall of fame located in? Canton
48%
What golf player holds the record for the most majors won? Jack Nicklaus
44%
Who was the only college player on the Dream Team? Christian Laettner
39%
Who is on the most expensive baseball card in the world? Honus Wagner
36%
What NBA team has the highest win percentage? San Antonio Spurs
36%
What was college football coach Paul Bryant better known as? Bear Bryant
35%
What Pittsburgh Steelers player was known as the Tasmanian Devil? Troy Polamalu
35%
Who holds the MLB record for most career RBI's? Hank Aaron
32%
What White Sox player famously could not sign his own name? Shoeless Joe Jackson
26%
How many stitches does a baseball have? 108
19%
What sports team disbanded their team name after the rising violence in their area? Washington Bullets
7%
No matching quizzes found
Score Distribution
Percent of People with Each Score
Percentile by Number Answered
Your Score History
You have not taken this quiz